| 000 | 00492cam a2200181ua 4500 | ||
|---|---|---|---|
| 020 | _c3.50 | ||
| 041 |
_amal _h |
||
| 082 |
_a370.1 _bPAR/VI |
||
| 100 | _aParameswaran Pillai, Erumely. | ||
| 245 |
_aVidhyabyasa thathwangalum vidyalaya ghatanayum / _cErumeli Parameswaran pillai. _hTextual Documents |
||
| 250 |
_a1 / _b. |
||
| 260 |
_aKottayam : _bVidyarthi Mithram Book Depo , _c1956. |
||
| 300 | _a291 ; . | ||
| 365 | _a3.50 | ||
| 504 | _a | ||
| 942 | _cBK | ||
| 999 |
_c6567 _d6567 |
||